000 00274nam a2200109Ia 4500
008 190216s9999||||xx |||||||||||||| ||und||
100 _aPaul Hersey & Kenneth H B
245 0 _aManagement Of Organizational Behaviour
260 _bNull
_c1977
300 _a360p
942 _cBK
999 _c4031
_d4031